The precautionary principle in marine environmental law : (Record no. 2999)
[ view plain ]
| 000 -LEADER | |
|---|---|
| fixed length control field | 03499cam a2200397Ii 4500 |
| 008 - FIXED-LENGTH DATA ELEMENTS--GENERAL INFORMATION | |
| fixed length control field | 180706s2013 enk ob 001 0 eng d |
| 020 ## - INTERNATIONAL STANDARD BOOK NUMBER | |
| International Standard Book Number | 9780203765715 |
| Qualifying information | (e-book : PDF) |
| 020 ## - INTERNATIONAL STANDARD BOOK NUMBER | |
| International Standard Book Number | 9781135020026 |
| Qualifying information | (e-book: PDF) |
| 020 ## - INTERNATIONAL STANDARD BOOK NUMBER | |
| International Standard Book Number | 9781135020002 |
| Qualifying information | (e-book: Mobi) |
| 020 ## - INTERNATIONAL STANDARD BOOK NUMBER | |
| International Standard Book Number | 9781135020019 |
| Qualifying information | (e-book: ePub) |
| 020 ## - INTERNATIONAL STANDARD BOOK NUMBER | |
| Qualifying information | (hardback) |
| 020 ## - INTERNATIONAL STANDARD BOOK NUMBER | |
| Qualifying information | (paperback) |
| 040 ## - CATALOGING SOURCE | |
| Original cataloging agency | IMU Kochi Library |
| Language of cataloging | eng |
| 041 0# - LANGUAGE CODE | |
| Language code of text/sound track or separate title | eng |
| 082 04 - DEWEY DECIMAL CLASSIFICATION NUMBER | |
| Classification number | 344.046343 |
| Item number | S129 |
| 100 1# - MAIN ENTRY--PERSONAL NAME | |
| Personal name | Sage-Fuller, Benedicte., |
| 245 14 - TITLE STATEMENT | |
| Title | The precautionary principle in marine environmental law : |
| Sub Title | with special reference to high risk vessels / |
| 300 ## - PHYSICAL DESCRIPTION | |
| Extent | 1 online resource (xv, 301 pages) |
| 490 1# - SERIES STATEMENT | |
| Series statement | Routledge research in international environmental law |
| 504 ## - BIBLIOGRAPHY, ETC. NOTE | |
| Bibliography, etc | Includes bibliographical references (pages [269]-294) and index. |
| 505 0# - FORMATTED CONTENTS NOTE | |
| Formatted contents note | 1. High risk vessels -- 2. Coastal States' jurisdiction under the United Nations Convention on the Law of the Sea -- 3. Significance of the precautionary principle in marine law -- 4. Practical applications of the precautionary principle in marine law -- 5. Application of the precautionary principle to vessel-source pollution. |
| 520 ## - SUMMARY, ETC. | |
| Summary, etc | "The book examines whether the jurisdiction of coastal States under international law can be extended to include powers of intervention towards vessels posing a significant risk to their coastal and marine environment, but which have not yet been involved in any incident or accident. The books sets out how it is that coastal State jurisdiction can indeed be seen as including powers of intervention towards High Risks Vessels before an incident or accident happens, on the basis of the precautionary principle. The precautionary principle requires taking action when a risk of damage to the environment is suspected, but cannot be confirmed scientifically.The book thus considers the potential opportunities for the coastal state under international law to regulate international shipping where they consider vessels to be an unacceptable risk to the environment, in order to prevent or minimise the risk of occurrence of the accident or incident leading to damage. The book acknowledges that this puts into question some very old and established principles of the law of the sea, most importantly the principle of freedom of navigation. But Benedicte Sage-Fuller contends that this change would itself be a consequence of the evolution, since the end of WWII, of on the one hand international law of the sea itself, and of international environmental law on the other hand. During the writing process the author consulted maritime government departments and maritime safety agencies so as well as considering issues of jurisdiction the book also addresses the practical considerations inherent in protecting coasts from environmental harm"-- |
| 650 #0 - SUBJECT ADDED ENTRY--TOPICAL TERM | |
| Topical term or geographic name as entry element | Marine pollution |
| General subdivision | Law and legislation. |
| 650 #0 - SUBJECT ADDED ENTRY--TOPICAL TERM | |
| Topical term or geographic name as entry element | Shipping |
| General subdivision | Environmental aspects. |
| 650 #0 - SUBJECT ADDED ENTRY--TOPICAL TERM | |
| Topical term or geographic name as entry element | Liability for environmental damages. |
| 650 #0 - SUBJECT ADDED ENTRY--TOPICAL TERM | |
| Topical term or geographic name as entry element | Transboundary pollution |
| General subdivision | Law and legislation. |
| 650 #0 - SUBJECT ADDED ENTRY--TOPICAL TERM | |
| Topical term or geographic name as entry element | Environmental law, International. |
| 830 #0 - SERIES ADDED ENTRY--UNIFORM TITLE | |
| Uniform title | Routledge research in international environmental law. |
| 856 40 - ELECTRONIC LOCATION AND ACCESS | |
| Uniform Resource Identifier | <a href="https://www.taylorfrancis.com/books/9781135020026">https://www.taylorfrancis.com/books/9781135020026</a> |
| Public note | Click here to view. |
| 904 ## - LOCAL DATA ELEMENT D, LDD (RLIN) | |
| CATALOGER | Rudra Ranjan |
| 905 ## - LOCAL DATA ELEMENT E, LDE (RLIN) | |
| VERIFIER | Rudra Ranjan |
| 942 ## - ADDED ENTRY ELEMENTS (KOHA) | |
| Item type | E-Book |
| 264 #1 - | |
| -- | London ; |
| -- | New York : |
| -- | Routledge, |
| -- | 2013. |
| 520 ## - SUMMARY, ETC. | |
| -- | Provided by publisher. |
No items available.